Kỉ yếu hội thảo khoa học toàn quốc "Đào tạo nhân lực nghành văn hóa du lịch trong xu thế hội nhập và phát triển" Chuyên san của tạp chí Đại học Sài Gòn

Spremljeno u:
Bibliografski detalji
Autor kompanije: Trường Đại học Sài Gòn Ủy ban nhân dân TP HCM
Format: Knjiga
Izdano: TP.HCM Đại học Sài Gòn 2009
Teme:
Oznake: Dodaj oznaku
Bez oznaka, Budi prvi tko označuje ovaj zapis!
Thư viện lưu trữ: Trung tâm Học liệu Lê Vũ Hùng, Trường Đại học Đồng Tháp
LEADER 01039pam a22002178a 4500
001 00000585
005 20171026081022.0
008 110322s2009 ||||||Viesd
041 0 # |a Vie 
082 1 4 |a 331.11  |b K600Y 
110 1 # |a Trường Đại học Sài Gòn  |b Ủy ban nhân dân TP HCM 
245 0 0 |a Kỉ yếu hội thảo khoa học toàn quốc "Đào tạo nhân lực nghành văn hóa du lịch trong xu thế hội nhập và phát triển"  |b Chuyên san của tạp chí Đại học Sài Gòn  |c Trường Đại học Sài Gòn 
260 # # |a TP.HCM  |b Đại học Sài Gòn  |c 2009 
300 # # |a 335 tr.  |c 30 cm. 
650 # 4 |a Phát triển nhân lực 
653 # # |a Đào tạo  |a Nhân lực  |a Ngành văn hóa du lịch 
710 |a Trường Đại học Sài Gòn  |b Ủy ban nhân dân TP HCM 
852 # # |b Kho đọc  |j KD.0000442 
852 # # |j KD.0000442 
910 |d 22/03/2011 
980 # # |a Trung tâm Học liệu Lê Vũ Hùng, Trường Đại học Đồng Tháp